000 00625nam a2200217Ii 4500
003 JO-AjNU
008 230606s9999||||xx |||||||||||||| ||und||
020 _a0-412-46410-1
040 _aJO-AjNU
_beng
_erda
_cJO-AjNU
041 _aeng
050 1 4 _aHF5635 .D798 1985
100 3 _aDrury,Colin,
_eauthor
_93221
245 0 0 _aManagement and Cost Acconting :Teachers Manual
250 _a3th ed
264 3 1 _aLondon: Chapman and Hall,1985
300 _a273p
336 _atext
_btxt
_2rdacontent
337 _aunmediated
_bn
_2rdamedia
338 _avolume
_bnc
_2rdacarrier
650 4 _aCost Acconting - Management
_93222
999 _aE1686
_c1686
_d1686